000 00293nam a22001337a 4500
008 181220b xxu||||| |||| 00| 0 eng d
020 _a9780486220123
041 _aeng
080 _a701
100 _a44
101 _aART
245 _aHow the other half lives
_cRiis,J.A
942 _2udc
_cBK
999 _c53561
_d53561